000 00675nam a22002297a 4500
003 UA-OsUOA
001 39371
007 ta
008 20060615b un ||||| |||| 00| 0 ukr d
100 _aГринцер П.А.
090 _a801.61-21
_bГ85
942 _cBK
040 _aUA-OsUOA
_brus
_cUA-OsUOA
_dUA-OsUOA
245 _aОсновные категории классической индийской поэтики
300 _a311 с.
955 _a1
041 _arus
080 _a801.61-21
260 _aМ.
_bНаука
_c1987
650 7 _a801 Просодія. Допоміжні науки та джерела філології
_2UDC
999 _c325516
_d325516